000 01030cab a2200253 4500
001 A126
008 090401t1991 xxu||||| |||| 00| 0 eng d
035 _a(Sirsi) u27167
041 _aeng
100 _aCross, P.A.
245 _aWhence the next generation?
260 _c1991
350 _a0
490 _aLand & Minerals Surveying
_v9(1) January 1991, 20-21(2)
520 _aLooks at the problem of student recruitment to first degree courses in land surveying-related subjects at universities and polytechnics. The numbers applying for such courses are reducing at an alarming rate which could soon result in a serious shortage of properly qualified young people entering the profession. Correspondence published in March issue p22.
650 _aCAREERS, EDUCATION AND TRAINING
650 _aGRADUATE RECRUITMENT
650 _aLAND SURVEYORS
650 _aSURVEYING EDUCATION
690 _aLAND SURVEYING
690 _aMANAGEMENT-BUSINESS MANAGEMENT-PROFESSIONAL PRACTICE
942 _n0
948 _c04/03/1997
999 _c18295
_d18295